| 000 | 00974cam a2200145ua 4500 | ||
|---|---|---|---|
| 041 |
_aeng _h |
||
| 082 |
_a028.74621 _bCBI/CO |
||
| 110 | 1 |
_aCentral board of I and P ,R& D CENTRE . _b _c(New Delhi ) |
|
| 245 | 0 | 0 |
_aCoal & coal combustion in utility boilers 6-8 April, 1999,R&D centre,Noida / _cCentral Board of I and P,New Delhi,Research & Development centre. _hTextual Documents |
| 260 |
_aNew Delhi : _bCentral board of I and P , _c1999. |
||
| 300 | _a491 ; . | ||
| 504 | _a | ||
| 942 | _cBK | ||
| 999 |
_c825 _d825 |
||